Managing information technology : (Record no. 345645)
[ view plain ]
| 000 -LEADER | |
|---|---|
| fixed length control field | 00982 a2200229 4500 |
| 020 ## - INTERNATIONAL STANDARD BOOK NUMBER | |
| International Standard Book Number | 0023767510 |
| 020 ## - INTERNATIONAL STANDARD BOOK NUMBER | |
| International Standard Book Number | 9780023767517 |
| 082 04 - DEWEY DECIMAL CLASSIFICATION NUMBER | |
| Classification number | 658.4038 |
| 090 ## - LOCALLY ASSIGNED LC-TYPE CALL NUMBER (OCLC); LOCAL CALL NUMBER (RLIN) | |
| -- | 3156 |
| -- | 3156 |
| 100 1# - MAIN ENTRY--PERSONAL NAME | |
| Personal name | Martin, E. Wainright. |
| 245 10 - TITLE STATEMENT | |
| Title | Managing information technology : |
| Remainder of title | what managers need to know / |
| Statement of responsibility, etc. | E. Wainright Martin. |
| 250 ## - EDITION STATEMENT | |
| Edition statement | 2nd ed. |
| 260 ## - PUBLICATION, DISTRIBUTION, ETC. | |
| Place of publication, distribution, etc. | [S.l.] : |
| Name of publisher, distributor, etc. | MacMillan Publishing Company, |
| Date of publication, distribution, etc. | 1993. |
| 300 ## - PHYSICAL DESCRIPTION | |
| Extent | 755 p. ; |
| Dimensions | 27 cm. |
| 500 ## - GENERAL NOTE | |
| General note | Hardcover. |
| 520 ## - SUMMARY, ETC. | |
| Summary, etc. | Focuses on management of information technology topics vital to a successful career as a manager. Completely updated to reflect the rapid changes in information technology and new types of business applications. |
| 700 1# - ADDED ENTRY--PERSONAL NAME | |
| Personal name | Dehayes, Daniel W. |
| 700 1# - ADDED ENTRY--PERSONAL NAME | |
| Personal name | Hoffer, Jeffrey A. |
| 856 40 - ELECTRONIC LOCATION AND ACCESS | |
| Materials specified | Amazon.com |
| Uniform Resource Identifier | <a href="http://www.amazon.com/exec/obidos/ASIN/0023767510/chopaconline-20">http://www.amazon.com/exec/obidos/ASIN/0023767510/chopaconline-20</a> |
| 856 40 - ELECTRONIC LOCATION AND ACCESS | |
| Materials specified | Amazon customer reviews |
| Uniform Resource Identifier | <a href="http://www.chopac.org/cgi-bin/tools/azrev.pl?q=0023767510">http://www.chopac.org/cgi-bin/tools/azrev.pl?q=0023767510</a> |
| 942 ## - ADDED ENTRY ELEMENTS (KOHA) | |
| Institution code [OBSOLETE] | NBS |
| Koha item type | Book |
| Call number prefix | 658.4038 KIL |
| Withdrawn status | Lost status | Damaged status | Not for loan | Permanent Location | Current Location | Date acquired | Total Checkouts | Full call number | Barcode | Date last seen | Price effective from | Koha item type |
|---|---|---|---|---|---|---|---|---|---|---|---|---|
| Central Library (CL) | Central Library (CL) | 08/28/2013 | 658.4038 KIL | NBS3910 | 08/28/2013 | 08/28/2013 | Book |
